Catalog

Record Details

Catalog Search



Graph-Theoretic Concepts in Computer Science 33rd International Workshop, WG 2007, Dornburg, Germany, June 21-23, 2007. Revised Papers  Cover Image E-book E-book

Graph-Theoretic Concepts in Computer Science [electronic resource] : 33rd International Workshop, WG 2007, Dornburg, Germany, June 21-23, 2007. Revised Papers / edited by Andreas Brandstädt, Dieter Kratsch, Haiko Müller.

Brandstädt, Andreas. (editor.). Kratsch, Dieter. (editor.). Müller, Haiko. (editor.). SpringerLink (Online service) (Added Author).

Electronic resources


LDR 02021nam a22005175i 4500
00135915
003CONS
00520131220021422.0
007cr nn 008mamaa
008100301s2007 gw | s |||| 0|eng d
020 . ‡a9783540748397 ‡9978-3-540-74839-7
0247 . ‡a10.1007/978-3-540-74839-7 ‡2doi
035 . ‡a(DE-He213)978-3-540-74839-7
050 4. ‡aQA76.9.A43
072 7. ‡aUMB ‡2bicssc
072 7. ‡aCOM051300 ‡2bisacsh
1001 . ‡aBrandstädt, Andreas. ‡eeditor.
24510. ‡aGraph-Theoretic Concepts in Computer Science ‡h[electronic resource] : ‡b33rd International Workshop, WG 2007, Dornburg, Germany, June 21-23, 2007. Revised Papers / ‡cedited by Andreas Brandstädt, Dieter Kratsch, Haiko Müller.
264 1. ‡aBerlin, Heidelberg : ‡bSpringer Berlin Heidelberg, ‡c2007.
300 . ‡aXIII, 344 p. ‡bonline resource.
336 . ‡atext ‡btxt ‡2rdacontent
337 . ‡acomputer ‡bc ‡2rdamedia
338 . ‡aonline resource ‡bcr ‡2rdacarrier
347 . ‡atext file ‡bPDF ‡2rda
4901 . ‡aLecture Notes in Computer Science, ‡x0302-9743 ; ‡v4769
650 0. ‡aComputer science.
650 0. ‡aData structures (Computer science).
650 0. ‡aComputer software.
650 0. ‡aElectronic data processing.
650 0. ‡aComputational complexity.
650 0. ‡aComputer graphics.
650 0. ‡aAlgorithms.
65014. ‡aComputer Science.
65024. ‡aAlgorithm Analysis and Problem Complexity.
65024. ‡aDiscrete Mathematics in Computer Science.
65024. ‡aNumeric Computing.
65024. ‡aData Structures.
65024. ‡aComputer Graphics.
65024. ‡aAlgorithms.
7001 . ‡aKratsch, Dieter. ‡eeditor.
7001 . ‡aMüller, Haiko. ‡eeditor.
7102 . ‡aSpringerLink (Online service)
7730 . ‡tSpringer eBooks
77608. ‡iPrinted edition: ‡z9783540748380
830 0. ‡aLecture Notes in Computer Science, ‡x0302-9743 ; ‡v4769
85640. ‡uhttp://biblioteca.ipicyt.edu.mx:2048/login?url=http://dx.doi.org/10.1007/978-3-540-74839-7 ‡yTexto completo ‡9CONS
950 . ‡aComputer Science (Springer-11645)
901 . ‡a35915 ‡b ‡c35915 ‡tbiblio ‡sSystem Local

Additional Resources